The Revelation of St. John: (Record no. 501)

000 -LEADER
fixed length control field 00688nam a2200205 a 4500
001 - CONTROL NUMBER
control field :::00013655$&:&@@
003 - CONTROL NUMBER IDENTIFIER
control field OkBaRHE
005 - DATE AND TIME OF LATEST TRANSACTION
control field 20100324123328.0
008 - FIXED-LENGTH DATA ELEMENTS--GENERAL INFORMATION
fixed length control field s1969 j 000 0 eng u
040 ## - CATALOGING SOURCE
Transcribing agency
100 1# - MAIN ENTRY--PERSONAL NAME
Personal name Morris, Leon, 1914-
245 14 - TITLE STATEMENT
Title The Revelation of St. John:
Remainder of title an introduction and commentary.
250 ## - EDITION STATEMENT
Edition statement [1st ed.]
260 ## - PUBLICATION, DISTRIBUTION, ETC. (IMPRINT)
Place of publication, distribution, etc Grand Rapids, MI., :
Name of publisher, distributor, etc Eerdmans
Date of publication, distribution, etc 1969
300 ## - PHYSICAL DESCRIPTION
Extent 263 p. ;
Dimensions 21 cm.
490 0# - SERIES STATEMENT
Series statement The Tyndale New Testament commentaries, v. 20.
650 ## - SUBJECT ADDED ENTRY--TOPICAL TERM
Topical term or geographic name as entry element Bible New Testament Revelation
General subdivision Commentaries
942 ## - ADDED ENTRY ELEMENTS (KOHA)
Source of classification or shelving scheme
Koha item type Books
Copies
Shelving location Price effective from Source of classification or shelving scheme Date last seen Lost status Full call number Damaged status Withdrawn status Collection code Date acquired Barcode Not for loan Koha item type Permanent Location Copy number
General Stacks2010-04-14 2018-04-03 BS 2825.3 .M67  Reference2010-04-1413655 BooksRHEMA Bible Training College1